00609nam a22002057a 450000500170000001000150001702000260003202000230005803500130008103500130009403700130010703700170012008200110013710000250014824500620017326000430023527000550027830000200033350000500035320140820110309.0 aENG-110461 a9788121207553c590.00 a8121207258c590.00 aEN-93993 aB-529573 bDBAD/PUB bBBB/Venadpl a270.82 aEngineer, Asghar Ali aIslam, women and gender justice /cby Asghar Ali Engineer aNew DelhibGyan Publishing Housec2013 a23, Main Ansari Road, DaryaGanjbNew Delhie110002 a370p.c24cm(Hb) aIncludes bibliographical references and index